000 00641nam a2200205Ia 4500
003 GCL
008 140319s9999 xx 000 0 ara d
040 _aGCL /
_cGCL
082 0 4 _a817.008
_bا ن
100 1 _aالسيد فرج
245 1 0 _aنوادر امراء الشعراء /
_cالسيد فرج
260 _a[S.N] :
_bالدار الدولية للنشر والتوزيع ،
_c1992
300 _a275 ص
490 _a
650 0 4 _aالشعر العربى
650 0 4 _aدواوين وقصائد
650 0 4 _aالنوادرالعربية
650 0 4 _aالادب الشعبى - العالم العربى
942 _2ddc
_cBK
999 _c55972
_d55972